Information Bulletin [del GISAF] /

Guardat en:
Dades bibliogràfiques
Format: Llibre
Idioma:German
Publicat: Hallein, Austria : Gesellschaft für Interdisziplinäre Sahara-Forschung, 1982
Etiquetes: Afegir etiqueta
Sense etiquetes, Sigues el primer a etiquetar aquest registre!

MARC

LEADER 00000nam^a2200000^a^4500
001 000561512
005 20250526000000.0
009 20260310131924.736
037 |a Acervo ITESO - Biblioteca 
041 |a ALE 
091 |a FHA. 02866 
245 0 0 |a Information Bulletin [del GISAF] / 
264 1 |a Hallein, Austria :  |b Gesellschaft für Interdisziplinäre Sahara-Forschung,  |c 1982 
300 |a 3 v. (varias paginaciones) ;  |c 24.0 cm. 
336 |a texto  |b txt  |2 rdacontenido 
337 |a sin mediación  |b n  |2 rdamedio 
338 |a volumen  |b nc  |2 rdasoporte 
515 |a Inventario familia Hartung: 1304, 1307-1308 
649 |a XX 
910 |a Fondo Horst Hartung Franz 
920 |a Impresos - Libros 
930 |a Libros Antiguos y Raros 
905 |a 135 
901 |a 0500333560  |b IT2  |c LRA  |i D  |u 20250526 
901 |a 0500333553  |b IT2  |c LRA  |i D  |u 20250526 
901 |a 0500333550  |b IT2  |c LRA  |i D  |u 20250526 
902 |a https://opac.biblio.iteso.mx/vufind/Record/000561512